LEADER 01503nam2 2200433 450 001 000004128 005 20070503173200.0 100 $a--------d1982----km-y0itay0103----ba 101 0 $aeng 102 $aUS 200 1 $a<<15:>> Studies in Transitivity$fedited by Paul J. Hopper, Sandra A. Thompson 200 1 $a1 $n0002236 210 $d1982 215 $aXIV, 459 p. 461 $1001000001365$12001$aSyntax and Semantics 606 $aGrammatica 676 $a415 702 1$aHopper,$bPaul J.$aThompson,$bSandra A. 801 0$aIT$bUniversità della Basilicata - B.I.A.$gRICA$2unimarc 912 $a000004128 996 $aStudies in Transitivity$973765 997 $aUNIBAS BAS $aMONLET BAS $aMONOGR BAS $aLETTERE CAT $aGIORDANO$b10$c20000214$lBAS01$h1050 CAT $aGIORDANO$b10$c20000214$lBAS01$h1051 CAT $aGIORDANO$b10$c20000214$lBAS01$h1053 CAT $c20000920$lBAS01$h1832 CAT $c20001010$lBAS01$h1635 CAT $c20050601$lBAS01$h1753 CAT $abatch$b01$c20050718$lBAS01$h1048 CAT $c20050718$lBAS01$h1107 CAT $c20050718$lBAS01$h1137 CAT $c20050718$lBAS01$h1151 CAT $aBATCH$b00$c20070503$lBAS01$h1732 FMT LKR $aup$b1365$lBAS01$mStudies in Transitivity$nSyntax and Semantics Z30 -1$lBAS01$LBAS01$mBOOK$1BASA1$APolo Storico-Umanistico$2GEN$BCollezione generale$3FM/11403/Arm.14$9FM/11403/Arm.14$611403$5L11403$820000214$b15$f02$FPrestabile Generale$hvol.15